[Event "4NCL/Div2/WES1 vs. BARY"]
[Site "Wokefield Park ENG"]
[Date "2007.03.03"]
[Round "7.5"]
[White "Yeo, Michael J"]
[Black "Levermore, Peter A"]
[Result "1-0"]
[WhiteElo "2144"]
[BlackElo "2104"]
[PlyCount "123"]
[EventDate "2007.03.03"]

1. e4 c5 2. Nf3 d6 3. d4 cxd4 4. Nxd4 Nf6 5. Nc3 a6 6. Bg5 e6 7. f4 Be7 8. Qf3
Qc7 9. O-O-O Nbd7 10. Bd3 h6 11. Bh4 g5 12. fxg5 Ne5 13. Qe2 Nfg4 14. Nf3 hxg5
15. Bxg5 Bxg5+ 16. Nxg5 Qc5 17. Nh3 Bd7 18. Rd2 b5 19. Nd1 b4 20. Nhf2 Nf6 21.
Qe3 Qa5 22. Kb1 Bb5 23. Qe2 Nfd7 24. c4 Bc6 25. b3 Qc7 26. Bc2 a5 27. Nb2 Nc5
28. Nbd3 Nexd3 29. Bxd3 a4 30. Bc2 axb3 31. Bxb3 Ba4 32. Rb2 Qa7 33. Kc2 Rc8
34. Nd3 Nxd3 35. Kxd3 Bxb3 36. axb3 Ke7 37. Ra2 Qc5 38. Qe3 Qe5 39. Ra7+ Kf6
40. Rf1+ Kg6 41. Qg3+ Qxg3+ 42. hxg3 Rh7 43. Rb7 Ra8 44. Rf2 Ra1 45. Rxb4 Rd1+
46. Ke3 Re1+ 47. Re2 Rxe2+ 48. Kxe2 Kf6 49. Rb5 Rh1 50. g4 Rc1 51. g5+ Kg6 52.
Rb6 Rc2+ 53. Kd3 Rxg2 54. Rxd6 Rg3+ 55. Kc2 Kxg5 56. c5 Kf4 57. c6 Rg8 58. Kd3
Rg3+ 59. Kc4 Rg8 60. c7 Rc8 61. Rd7 f5 62. exf5 1-0

[Event "4NCL/Div2/WES1 vs. BARY"]
[Site "Wokefield Park ENG"]
[Date "2007.03.03"]
[Round "7.6"]
[White "Bhatia, Kanwal K"]
[Black "Neil, David R"]
[Result "0-1"]
[WhiteElo "2047"]
[BlackElo "2171"]
[PlyCount "134"]
[EventDate "2007.03.03"]

1. e4 e5 2. Nf3 Nc6 3. c3 d5 4. Qa4 Qd6 5. Bb5 Bd7 6. exd5 Qxd5 7. O-O a6 8.
Bc4 Qd6 9. Qb3 O-O-O 10. Bxf7 Nf6 11. Na3 e4 12. Nc4 Qe7 13. Nd4 Nxd4 14. cxd4
Kb8 15. Ne5 Qb4 16. Qc3 Bb5 17. Bc4 Bxc4 18. Nxc4 Nd5 19. Qc2 Nf4 20. b3 Ne2+
21. Kh1 Nxc1 22. Raxc1 Rxd4 23. Rfe1 Be7 24. Rxe4 Bf6 25. Rxd4 Bxd4 26. Ne3 Be5
27. Nc4 Bd4 28. d3 Rf8 29. Ne3 Be5 30. Nc4 Bd4 31. f3 Re8 32. Nd2 Bb6 33. Ne4
Re6 34. Qc4 Rc6 35. Qg8+ Ka7 36. Rd1 Qd4 37. h3 Rc2 38. Qxh7 Rxa2 39. Qg6 Rb2
40. Qf7 Rc2 41. Qg6 Qb2 42. Re1 Bd4 43. h4 Qxb3 44. Ng5 Qc3 45. Qe4 Rc1 46.
Rxc1 Qxc1+ 47. Kh2 Qg1+ 48. Kg3 Bf2+ 49. Kf4 Qxg2 50. Kf5 Qg3 51. h5 Qd6 52.
Ne6 Qe7 53. Qe5 Qf7+ 54. Ke4 Bh4 55. Nxc7 Bf6 56. Qc5+ Kb8 57. Nd5 Qe6+ 58. Kf4
Qe5+ 59. Kg4 Qg5+ 60. Kh3 Qxh5+ 61. Kg2 Qg6+ 62. Kf2 Bh4+ 63. Ke2 Qg2+ 64. Kd1
Qxf3+ 65. Kc1 Qf1+ 66. Kd2 Qf2+ 67. Qxf2 Bxf2 0-1

[Event "4NCL/Div2/WES1 vs. BARY"]
[Site "Wokefield Park ENG"]
[Date "2007.03.03"]
[Round "7.7"]
[White "Simons, Martin J"]
[Black "Moore, John C"]
[Result "1/2-1/2"]
[WhiteElo "2223"]
[BlackElo "2032"]
[PlyCount "48"]
[EventDate "2007.03.03"]

1. e4 e5 2. Nf3 Nc6 3. d4 exd4 4. Bc4 Nf6 5. e5 d5 6. Bb5 Ne4 7. Nxd4 Bd7 8.
Bxc6 bxc6 9. O-O Bc5 10. f3 Ng5 11. f4 Ne4 12. Be3 Bb6 13. Nd2 Nxd2 14. Qxd2 c5
15. Nb3 d4 16. Bf2 Bc6 17. c4 Qd7 18. f5 Qxf5 19. Bxd4 Qd7 20. Bc3 Qxd2 21.
Bxd2 O-O 22. Rfe1 Rfe8 23. Bc3 Re6 24. Rad1 a5 1/2-1/2

[Event "4NCL/Div2/WES1 vs. BARY"]
[Site "Wokefield Park ENG"]
[Date "2007.03.03"]
[Round "7.8"]
[White "Wells, Daniel"]
[Black "Khoo, Selina"]
[Result "1/2-1/2"]
[WhiteElo "2022"]
[BlackElo "1995"]
[PlyCount "80"]
[EventDate "2007.03.03"]

1. e4 c6 2. d4 d5 3. e5 c5 4. Nf3 cxd4 5. Nxd4 e6 6. c4 Nc6 7. Nc3 Bb4 8. cxd5
Qxd5 9. Nxc6 bxc6 10. Be2 Ne7 11. O-O Qxe5 12. a3 Bxc3 13. bxc3 O-O 14. Bb2 Rb8
15. Rb1 Qc7 16. c4 Rd8 17. Qc2 e5 18. Qc3 Bf5 19. Rbd1 f6 20. a4 c5 21. Ba3 Rd4
22. Rxd4 exd4 23. Qg3 Qxg3 24. hxg3 Rc8 25. Rd1 Bc2 26. Rd2 Bxa4 27. Bd3 Kf7
28. f4 g6 29. Kf2 Ke6 30. Rb2 Rc7 31. Rb8 Kd6 32. g4 Bd7 33. Rf8 Bxg4 34. Rxf6+
Kd7 35. Bc2 Bf5 36. Ba4+ Kc8 37. Rf8+ Kb7 38. Rf7 Be6 39. Rxh7 Bxc4 40. Bxc5
Rxc5 1/2-1/2

[Event "4NCL/Div2/HKF2 vs. GUI3"]
[Site "Wokefield Park ENG"]
[Date "2007.03.03"]
[Round "7.1"]
[White "Crouch, Colin"]
[Black "Granat, Russell G"]
[Result "0-1"]
[WhiteElo "2366"]
[BlackElo "2264"]
[PlyCount "104"]
[EventDate "2007.03.03"]

1. d4 d5 2. c4 Bf5 3. cxd5 Bxb1 4. Rxb1 Qxd5 5. a3 Nc6 6. e3 e5 7. dxe5 Qxd1+
8. Kxd1 O-O-O+ 9. Kc2 Nxe5 10. Be2 Nf6 11. Nh3 h6 12. b4 Bd6 13. Bb2 Rhe8 14.
Rbd1 Nfd7 15. Nf4 g6 16. Kb3 a5 17. bxa5 Nc6 18. Nd5 Nxa5+ 19. Ka2 Be5 20. Rc1
c6 21. Rhd1 Bxb2 22. Kxb2 Kb8 23. Nb4 Nb6 24. Kc2 Kc7 25. Nd3 Nbc4 26. a4 Nb6
27. Nb2 Nd5 28. Nd3 b6 29. Bf3 f5 30. Kb2 g5 31. h3 Rd6 32. g4 fxg4 33. hxg4
Kb7 34. e4 Rf6 35. Bg2 Nf4 36. Nxf4 Rxf4 37. f3 Kc7 38. Kc3 Nb7 39. Kd4 Ra8 40.
Ra1 Nc5 41. Ke3 Nxa4 42. Bf1 b5 43. Be2 Raf8 44. Rh1 R8f6 45. Rh3 Re6 46. Bd1
Nb2 47. Bb3 Rd6 48. Ke2 Rd3 49. Be6 Rxe4+ 50. fxe4 Rxh3 51. Bf5 Nc4 52. Ra7+
Kb6 0-1

[Event "4NCL/Div2/HKF2 vs. GUI3"]
[Site "Wokefield Park ENG"]
[Date "2007.03.03"]
[Round "7.2"]
[White "Tymrakiewicz, Rafal"]
[Black "Broomfield, Matthew"]
[Result "0-1"]
[WhiteElo "2227"]
[BlackElo "2348"]
[PlyCount "56"]
[EventDate "2007.03.03"]

1. d4 Nf6 2. Nf3 e6 3. Bg5 h6 4. Bh4 b6 5. e3 Bb7 6. Bd3 c5 7. O-O cxd4 8. exd4
Be7 9. Nbd2 O-O 10. Re1 d6 11. c3 Nbd7 12. Qb3 Re8 13. a4 a6 14. Re2 Rc8 15.
Rae1 Rc7 16. Bg3 Nh5 17. Rxe6 fxe6 18. Qxe6+ Kh8 19. Bxd6 Rc6 20. Nh4 Nf8 21.
Ng6+ Nxg6 22. Qxg6 Nf6 23. Re6 Bxd6 24. Rxf6 Re1+ 25. Nf1 Bxh2+ 26. Kxh2 Qc7+
27. Kg1 gxf6 28. Qxh6+ Kg8 0-1

[Event "4NCL/Div2/HKF2 vs. GUI3"]
[Site "Wokefield Park ENG"]
[Date "2007.03.03"]
[Round "7.3"]
[White "Lindner, Daniel"]
[Black "Abayasekera, Roger"]
[Result "1/2-1/2"]
[WhiteElo "2253"]
[BlackElo "2207"]
[PlyCount "62"]
[EventDate "2007.03.03"]

1. e4 g6 2. d4 Bg7 3. c4 d6 4. Nc3 Nf6 5. Nf3 O-O 6. Be2 Nbd7 7. O-O e5 8. Be3
c6 9. h3 exd4 10. Bxd4 Re8 11. Qc2 Nc5 12. Bd3 Nfd7 13. Bxg7 Kxg7 14. Rad1 Ne5
15. Be2 Nxf3+ 16. Bxf3 Qe7 17. Rfe1 f6 18. Qd2 Be6 19. b3 Rad8 20. Nd5 Qf7 21.
Nf4 Bc8 22. h4 Kg8 23. Qd4 a6 24. Nd3 Nxd3 25. Rxd3 Be6 26. Red1 Rd7 27. Qe3
Red8 28. Qf4 Qe7 29. Qg3 Kg7 30. Qf4 Kg8 31. Qg3 Kg7 1/2-1/2

[Event "4NCL/Div2/HKF2 vs. GUI3"]
[Site "Wokefield Park ENG"]
[Date "2007.03.03"]
[Round "7.4"]
[White "Anderton, Matthew N"]
[Black "McFarland, Robert S"]
[Result "1-0"]
[WhiteElo "2220"]
[BlackElo "2238"]
[PlyCount "73"]
[EventDate "2007.03.03"]

1. e4 g6 2. d4 Bg7 3. Nc3 d6 4. Be3 a6 5. Nf3 Nd7 6. Bd3 b5 7. e5 Bb7 8. e6
fxe6 9. Ng5 Nf8 10. O-O Nf6 11. Qe2 Qd7 12. f4 Rg8 13. a3 Bc6 14. Rae1 h6 15.
Nf3 Kd8 16. Bd2 Rb8 17. Na2 Nd5 18. b3 Nb6 19. Be4 Ba8 20. Ba5 Nd5 21. g3 g5
22. fxg5 hxg5 23. Rd1 Bh6 24. c4 bxc4 25. bxc4 Nf6 26. Bxa8 Rxa8 27. Ne5 dxe5
28. dxe5 Nd5 29. Nb4 Kc8 30. cxd5 Qb5 31. Qf2 Qxa5 32. Nc6 Qxa3 33. Ra1 Qc3 34.
Nxe7+ Kd8 35. Nxg8 Bg7 36. dxe6 Nxe6 37. Rad1+ 1-0

[Event "4NCL/Div2/HKF2 vs. GUI3"]
[Site "Wokefield Park ENG"]
[Date "2007.03.03"]
[Round "7.5"]
[White "Fowler, Simon"]
[Black "Norman, Kenneth I"]
[Result "1-0"]
[WhiteElo "2218"]
[BlackElo "2151"]
[PlyCount "75"]
[EventDate "2007.03.03"]

1. e4 e5 2. Nf3 Nc6 3. Bb5 a6 4. Ba4 Nf6 5. O-O b5 6. Bb3 Be7 7. Re1 d6 8. c3
O-O 9. d4 Bg4 10. Be3 exd4 11. cxd4 d5 12. e5 Ne4 13. Nc3 Nxc3 14. bxc3 Na5 15.
Bc2 Nc4 16. h3 Bh5 17. g4 Bg6 18. Bf5 c5 19. dxc5 Bxf5 20. gxf5 Rc8 21. f6 Bxc5
22. fxg7 Kxg7 23. Bg5 Be7 24. Bxe7 Qxe7 25. Qxd5 Kh8 26. Rad1 Rfd8 27. Qe4 Rxd1
28. Rxd1 Re8 29. Re1 Qe6 30. Ng5 Qg6 31. Qxg6 fxg6 32. f4 Kg7 33. Rd1 Re7 34.
Kf2 h6 35. Ne4 Rc7 36. h4 Kf7 37. Kf3 Ke7 38. Rd6 1-0

[Event "4NCL/Div2/HKF2 vs. GUI3"]
[Site "Wokefield Park ENG"]
[Date "2007.03.03"]
[Round "7.6"]
[White "Punnett, Alan K"]
[Black "Burrows, Martin P"]
[Result "1/2-1/2"]
[WhiteElo "2107"]
[BlackElo "2230"]
[PlyCount "36"]
[EventDate "2007.03.03"]

1. d4 Nf6 2. c4 g6 3. Nc3 Bg7 4. e4 d6 5. Nf3 O-O 6. Be2 e5 7. O-O exd4 8. Nxd4
Re8 9. f3 Nc6 10. Nxc6 bxc6 11. Qa4 Bd7 12. Qc2 Nh5 13. Be3 f5 14. Qd2 Nf6 15.
Bd3 fxe4 16. Nxe4 Nxe4 17. Bxe4 Qf6 18. Rab1 Rab8 1/2-1/2

[Event "4NCL/Div2/HKF2 vs. GUI3"]
[Site "Wokefield Park ENG"]
[Date "2007.03.03"]
[Round "7.7"]
[White "Parmar, Amisha"]
[Black "Shepley, Julien M"]
[Result "1/2-1/2"]
[WhiteElo "1979"]
[BlackElo "2116"]
[PlyCount "43"]
[EventDate "2007.03.03"]

1. e4 c6 2. Nf3 d6 3. d4 Qc7 4. Nc3 e5 5. Bc4 h6 6. a4 a5 7. Be3 Nf6 8. h3 Nbd7
9. O-O Be7 10. Qe2 Nf8 11. Ne1 g5 12. f3 Ng6 13. Nd3 Rg8 14. dxe5 dxe5 15. Qf2
Nf4 16. Bb6 Qb8 17. Kh2 h5 18. Nxf4 gxf4 19. Bc5 Ng4+ 20. fxg4 hxg4 21. Qe2
Bxc5 22. Bxf7+ 1/2-1/2

[Event "4NCL/Div2/HKF2 vs. GUI3"]
[Site "Wokefield Park ENG"]
[Date "2007.03.03"]
[Round "7.8"]
[White "Franklin, Samuel"]
[Black "Wilson, Alexandra"]
[Result "0-1"]
[WhiteElo "1880"]
[BlackElo "2056"]
[PlyCount "106"]
[EventDate "2007.03.03"]

1. c4 Nf6 2. Nf3 g6 3. g3 Bg7 4. Bg2 d5 5. cxd5 Nxd5 6. O-O O-O 7. d4 c5 8. e4
Nc7 9. d5 b6 10. Nc3 Ba6 11. Re1 Nd7 12. e5 Rc8 13. d6 exd6 14. exd6 Ne6 15.
Nd5 Bf6 16. Qa4 Bb7 17. Ne7+ Bxe7 18. dxe7 Qxe7 19. Bg5 Qd6 20. Qh4 Bxf3 21.
Bxf3 Nxg5 22. Qxg5 Rfe8 23. Bg4 Rcd8 24. Red1 Qf6 25. Qxf6 Nxf6 26. Bf3 Rxd1+
27. Rxd1 Kg7 28. Kg2 Re7 29. Bc6 Re2 30. Rb1 h5 31. Kf1 Rd2 32. Ke1 Rd6 33. Bf3
Ng4 34. h3 Ne5 35. Ke2 Nxf3 36. Kxf3 Kf6 37. Re1 Rd2 38. Rb1 b5 39. Ke3 Rd6 40.
Rc1 c4 41. Rc3 Ke5 42. b3 Kd5 43. a4 a6 44. axb5 axb5 45. bxc4+ bxc4 46. Ra3
Re6+ 47. Kd2 Kd4 48. Rf3 f5 49. Rf4+ Re4 50. Rf3 Kc5 51. Ra3 Rd4+ 52. Ke3 Rd6
53. Ra8 c3 0-1

[Event "4NCL/Div2/PPA1 vs. OXF1"]
[Site "Wokefield Park ENG"]
[Date "2007.03.03"]
[Round "7.1"]
[White "Harley, Andrew"]
[Black "Savage, Ben D"]
[Result "1/2-1/2"]
[WhiteElo "2225"]
[BlackElo "2334"]
[PlyCount "69"]
[EventDate "2007.03.03"]

1. e4 c5 2. c3 e6 3. d4 d5 4. exd5 exd5 5. Nf3 Nc6 6. Bb5 Bd6 7. dxc5 Bxc5 8.
O-O Nge7 9. Nbd2 a6 10. Bd3 Ba7 11. Nb3 Bg4 12. Re1 h6 13. h3 Bh5 14. Bf4 O-O
15. Be2 Re8 16. Qd2 Qd7 17. Rad1 Rad8 18. Be3 Bb8 19. Bb6 Bc7 20. Bxc7 Qxc7 21.
Nfd4 Bxe2 22. Qxe2 Qc8 23. Qf3 Rd6 24. Re3 Red8 25. Rde1 Qc7 26. Nxc6 Nxc6 27.
Re8+ Rxe8 28. Rxe8+ Kh7 29. Qf5+ g6 30. Qc8 Qxc8 31. Rxc8 d4 32. cxd4 Nxd4 33.
Nxd4 Rxd4 34. Rc7 Rb4 35. b3 1/2-1/2

[Event "4NCL/Div2/PPA1 vs. OXF1"]
[Site "Wokefield Park ENG"]
[Date "2007.03.03"]
[Round "7.2"]
[White "Ozeren, Kemal"]
[Black "Moore, Gerald"]
[Result "1/2-1/2"]
[WhiteElo "2298"]
[BlackElo "2237"]
[PlyCount "98"]
[EventDate "2007.03.03"]

1. d4 Nf6 2. Nf3 g6 3. c4 Bg7 4. Nc3 d5 5. Bg5 dxc4 6. e3 Be6 7. Nd2 c5 8. Bxf6
Bxf6 9. Nde4 cxd4 10. Nxf6+ exf6 11. Qxd4 Nc6 12. Qe4 f5 13. Qf4 O-O 14. Be2
Qb8 15. O-O-O b5 16. Bf3 Qb6 17. Rd6 Rac8 18. Bxc6 Rxc6 19. Rhd1 b4 20. Nd5
Bxd5 21. R1xd5 b3 22. Rxc6 Qxc6 23. Qd6 Qa4 24. a3 c3 25. bxc3 Qe4 26. Rd3 Qxg2
27. Kb2 Qxf2+ 28. Kxb3 Qg1 29. c4 Qb1+ 30. Kc3 Rb8 31. Kd4 Qb2+ 32. Rc3 Re8 33.
c5 Re4+ 34. Kd3 Qf2 35. Qg3 Qf1+ 36. Kc2 Qe2+ 37. Kb3 a5 38. Qb8+ Kg7 39. Rc2
Qxe3+ 40. Ka2 a4 41. c6 Qd3 42. Qb2+ f6 43. c7 Qd5+ 44. Ka1 Re1+ 45. Rc1 Rxc1+
46. Qxc1 Qe5+ 47. Kb1 Qb5+ 48. Ka1 Qe5+ 49. Kb1 Qb5+ 1/2-1/2

[Event "4NCL/Div2/PPA1 vs. OXF1"]
[Site "Wokefield Park ENG"]
[Date "2007.03.03"]
[Round "7.3"]
[White "Swanson, Stephen"]
[Black "Smallbone, Kieran"]
[Result "1/2-1/2"]
[WhiteElo "2249"]
[BlackElo "2228"]
[PlyCount "93"]
[EventDate "2007.03.03"]

1. e4 c6 2. d3 d5 3. Nd2 e5 4. Ngf3 Bd6 5. g3 Nf6 6. Bg2 O-O 7. O-O Re8 8. h3
a5 9. c3 Nbd7 10. Qc2 Nf8 11. Nh4 Ng6 12. Ndf3 Be6 13. Nxg6 hxg6 14. Be3 dxe4
15. dxe4 Qe7 16. Rfe1 a4 17. Ng5 Bc4 18. b3 axb3 19. axb3 Rxa1 20. Rxa1 Ba6 21.
Rd1 Rd8 22. b4 Bc4 23. Bf1 Bxf1 24. Kxf1 Nh7 25. Nxh7 Kxh7 26. Kg2 Bc7 27. Rxd8
Qxd8 28. c4 Bb6 29. c5 Bc7 30. g4 Qd7 31. f3 Bd8 32. Qd2 Qxd2+ 33. Bxd2 g5 34.
Bc3 f6 35. Kg3 Kg8 36. h4 gxh4+ 37. Kxh4 g5+ 38. Kg3 Kf7 39. Kf2 Ke6 40. Ke2
Kd7 41. Kd3 b5 42. cxb6 Bxb6 43. Kc4 Ke6 44. Bd2 Ba7 45. Kd3 Kd6 46. Bc1 Bb6
47. Kc4 1/2-1/2

[Event "4NCL/Div2/PPA1 vs. OXF1"]
[Site "Wokefield Park ENG"]
[Date "2007.03.03"]
[Round "7.4"]
[White "Boytsun, Olena"]
[Black "Byway, Paul"]
[Result "0-1"]
[WhiteElo "2281"]
[BlackElo "2175"]
[PlyCount "114"]
[EventDate "2007.03.03"]

1. d4 Nf6 2. c4 e6 3. Nc3 d5 4. Bg5 Nbd7 5. e3 c6 6. Nf3 Qa5 7. Nd2 Bb4 8. Qc2
O-O 9. Be2 Ne4 10. Ndxe4 dxe4 11. Bh4 e5 12. O-O exd4 13. Nxe4 dxe3 14. fxe3 f6
15. a3 Be7 16. b4 Qc7 17. c5 Ne5 18. Bg3 Be6 19. Nf2 Qc8 20. Rad1 Qe8 21. Nd3
Nxd3 22. Bxd3 g6 23. Rd2 a5 24. Qc3 axb4 25. axb4 Rf7 26. e4 Qf8 27. Bc4 Bxc5+
28. bxc5 Qxc5+ 29. Bf2 Qxc4 30. Qe3 Qb4 31. Rfd1 Re8 32. Rd4 Qf8 33. Bg3 f5 34.
e5 Bd5 35. Bf4 Qe7 36. Re1 Qe6 37. Qg3 c5 38. Rdd1 b5 39. Bg5 b4 40. Bf6 c4 41.
h4 Ra7 42. Qe3 Rc7 43. Qd2 c3 44. Qxd5 c2 45. Qxe6+ Rxe6 46. Rd8+ Kf7 47. Rh8
Rc4 48. Rxh7+ Ke8 49. Bg5 f4 50. Bxf4 Rxf4 51. Ra1 Rd4 52. Ra8+ Rd8 53. Rh8+
Kf7 54. Ra7+ Re7 55. Rh7+ Kg8 56. Raxe7 c1=Q+ 57. Kh2 Qf4+ 0-1

[Event "4NCL/Div2/PPA1 vs. OXF1"]
[Site "Wokefield Park ENG"]
[Date "2007.03.03"]
[Round "7.5"]
[White "Dunn, Andrew"]
[Black "White, Michael J R"]
[Result "1/2-1/2"]
[WhiteElo "2190"]
[BlackElo "2260"]
[PlyCount "138"]
[EventDate "2007.03.03"]

1. d4 Nf6 2. Nf3 e6 3. e3 c5 4. Bd3 Nc6 5. c3 b6 6. O-O Bb7 7. Nbd2 Rc8 8. Ne5
Nxe5 9. dxe5 Nd5 10. Nc4 f5 11. e4 fxe4 12. Bxe4 Qh4 13. f3 b5 14. Nd6+ Bxd6
15. exd6 O-O 16. Qe2 Bc6 17. Be3 Nxe3 18. Qxe3 Qf4 19. Qd3 g6 20. Rfe1 a6 21.
Rad1 Qg5 22. Re2 Bxe4 23. Rxe4 c4 24. Qe3 Qxe3+ 25. Rxe3 Rf5 26. Re4 Rcc5 27.
Rxe6 dxe6 28. d7 Rf8 29. d8=Q Rxd8 30. Rxd8+ Kf7 31. Rd7+ Kf6 32. Kf2 h5 33. f4
g5 34. fxg5+ Rxg5 35. Ra7 Rd5 36. Ke2 Rd6 37. g3 Kf5 38. Rf7+ Kg4 39. Rf4+ Kg5
40. Re4 Kf5 41. Rh4 Kg5 42. Re4 Kf6 43. Rf4+ Kg6 44. Re4 Kf6 45. Rf4+ Ke7 46.
g4 e5 47. Re4 hxg4 48. Rxg4 Kf6 49. Rg8 Kf5 50. Rg3 Rh6 51. h3 e4 52. a3 Rd6
53. Rg8 Rd3 54. Rf8+ Ke5 55. Re8+ Kd5 56. Rh8 Ke5 57. Rh5+ Kf4 58. Rh4+ Kf5 59.
Rh5+ Kg6 60. Rh4 Kf5 61. Rh5+ Kf6 62. Rh4 Rg3 63. Kf2 Rf3+ 64. Ke2 Kf5 65. Rh5+
Kf4 66. Rh4+ Ke5 67. Rh5+ Kd6 68. Rh4 Kd5 69. Rh5+ Ke6 1/2-1/2

[Event "4NCL/Div2/PPA1 vs. OXF1"]
[Site "Wokefield Park ENG"]
[Date "2007.03.03"]
[Round "7.6"]
[White "Eckersley-Waites, Tom"]
[Black "Dignam, Matthew"]
[Result "1-0"]
[WhiteElo "2159"]
[BlackElo "2132"]
[Annotator "Armstrong,Malcolm"]
[PlyCount "79"]
[EventDate "2007.03.03"]

1. e4 e6 2. d4 d5 3. Nc3 dxe4 4. Nxe4 Nd7 5. Nf3 Ngf6 6. Bd3 Nxe4 7. Bxe4 Nf6
8. Bd3 c5 9. Bg5 cxd4 10. Bxf6 gxf6 11. Nxd4 Qa5+ 12. c3 Qe5+ 13. Kf1 Bd7 14.
Qf3 Be7 15. Re1 Qc7 16. Qh5 Qc5 17. Qf3 O-O-O 18. Be4 Qb6 19. b4 e5 20. Nf5
Bxf5 21. Bxf5+ Kb8 22. g3 Rd2 23. Kg2 Rhd8 24. a4 Qc6 25. Be4 Qd7 26. a5 a6 27.
Bxh7 Qc7 28. Be4 Rc8 29. Bf5 Rcd8 30. Ra1 Qc6 31. Be4 Qc7 32. h4 Bf8 33. h5 Bh6
34. b5 Qc5 35. Rhd1 Rxd1 36. Rxd1 Rxd1 37. Qxd1 axb5 38. Qd8+ Ka7 39. Qd7 Ka6
40. Qd8 {time} 1-0

[Event "4NCL/Div2/PPA1 vs. OXF1"]
[Site "Wokefield Park ENG"]
[Date "2007.03.03"]
[Round "7.7"]
[White "Goodger, Martyn"]
[Black "Rawlinson, Aidan"]
[Result "0-1"]
[WhiteElo "2096"]
[BlackElo "2186"]
[PlyCount "80"]
[EventDate "2007.03.03"]

1. e4 c5 2. Nf3 e6 3. c3 Nf6 4. e5 Nd5 5. d4 cxd4 6. cxd4 Nc6 7. Bc4 d6 8. O-O
Be7 9. a3 O-O 10. Re1 Bd7 11. Bd2 Rc8 12. Nc3 dxe5 13. dxe5 Ncb4 14. Re4 Nxc3
15. Bxc3 Bc6 16. Rd4 Nd5 17. Qb3 Bc5 18. Rd2 Qc7 19. Bd4 Bxd4 20. Rxd4 Nb6 21.
Bd3 Bxf3 22. gxf3 Qxe5 23. Rh4 g6 24. Qb4 Rc7 25. Re1 Qf6 26. Rf4 Qg7 27. Rfe4
Rfc8 28. Kg2 Nd5 29. Qd2 Rd7 30. Bb5 Rdc7 31. Bd3 Rd8 32. Bb1 Rcd7 33. Qc1 Qf6
34. h4 Qg7 35. h5 Nf6 36. h6 Qf8 37. Re5 Rd5 38. Qg5 Nh5 39. Ba2 f6 40. Qc1
fxe5 0-1

[Event "4NCL/Div2/PPA1 vs. OXF1"]
[Site "Wokefield Park ENG"]
[Date "2007.03.03"]
[Round "7.8"]
[White "Shaw, David A"]
[Black "Davison, Chris"]
[Result "1-0"]
[WhiteElo "2202"]
[BlackElo "1810"]
[PlyCount "89"]
[EventDate "2007.03.03"]

1. e4 c6 2. d4 d5 3. exd5 cxd5 4. Bd3 g6 5. c3 Bg7 6. Bf4 Nc6 7. Nf3 Nf6 8. Qc2
O-O 9. Nbd2 Re8 10. Ne5 Nh5 11. Nxc6 bxc6 12. Be3 e5 13. O-O Nf4 14. Bxf4 exf4
15. Rfe1 Be6 16. Nf3 Qd7 17. Ne5 Bxe5 18. Rxe5 Bg4 19. Rxe8+ Rxe8 20. f3 Bh5
21. Qf2 Qe6 22. Kf1 g5 23. Re1 Qxe1+ 24. Qxe1 Rxe1+ 25. Kxe1 Kg7 26. Bf5 Bg6
27. Bd7 Bb1 28. a3 Ba2 29. Bxc6 Bb3 30. Bb5 f5 31. Be2 h5 32. Bd1 Bxd1 33. Kxd1
Kf7 34. b3 Ke7 35. c4 dxc4 36. bxc4 Kd6 37. Kc2 g4 38. h4 Kc6 39. Kb3 a5 40.
Ka4 Kb6 41. c5+ Kc6 42. Kxa5 Kd5 43. Kb4 g3 44. Kc3 Kc6 45. Kc4 1-0

[Event "4NCL/Div2/WRO vs. WES1"]
[Site "Wokefield Park ENG"]
[Date "2007.03.04"]
[Round "8.1"]
[White "Teplitsky, Jan"]
[Black "Poulton, James"]
[Result "1-0"]
[WhiteElo "2446"]
[BlackElo "2368"]
[PlyCount "53"]
[EventDate "2007.03.04"]

1. c4 e6 2. d4 d5 3. Nc3 c5 4. cxd5 cxd4 5. Qa4+ Bd7 6. Qxd4 exd5 7. Qxd5 Nc6
8. Nf3 Nf6 9. Qd1 Bc5 10. e3 Qe7 11. a3 O-O-O 12. Qc2 Kb8 13. Be2 g5 14. b4 Bb6
15. Bb2 g4 16. Nd2 Ne5 17. Nc4 Nxc4 18. Bxc4 Bc6 19. Qf5 Rhe8 20. O-O Rd2 21.
Bc1 Ne4 22. Bxd2 Nxd2 23. Nd5 Bxd5 24. Bxd5 Nxf1 25. Rxf1 Qd6 26. Qxf7 Re5 27.
Qxb7# 1-0

[Event "4NCL/Div2/WRO vs. WES1"]
[Site "Wokefield Park ENG"]
[Date "2007.03.04"]
[Round "8.2"]
[White "Corkett, Anthony R"]
[Black "Van de Griendt, Jan W"]
[Result "1/2-1/2"]
[WhiteElo "2340"]
[BlackElo "2366"]
[PlyCount "35"]
[EventDate "2007.03.04"]

1. d4 Nf6 2. Nf3 e6 3. g3 c5 4. Bg2 a6 5. O-O cxd4 6. Nxd4 Be7 7. b3 d5 8. Bb2
O-O 9. Nf3 Nbd7 10. Nbd2 b5 11. c4 bxc4 12. bxc4 Rb8 13. Qc2 Bb7 14. Rab1 Qc7
15. Rfc1 Rfc8 16. Qd1 Qd6 17. Nd4 Bf8 18. Ba1 1/2-1/2

[Event "4NCL/Div2/WRO vs. WES1"]
[Site "Wokefield Park ENG"]
[Date "2007.03.04"]
[Round "8.3"]
[White "Kaid, Almar"]
[Black "Webb, Richard M"]
[Result "1/2-1/2"]
[WhiteElo "2276"]
[BlackElo "2272"]
[PlyCount "41"]
[EventDate "2007.03.04"]

1. c4 c5 2. g3 g6 3. Bg2 Bg7 4. Nc3 Nc6 5. a3 Nf6 6. Rb1 a5 7. Nh3 O-O 8. Nf4
d6 9. O-O Ne8 10. d3 Nc7 11. Bd2 Bd7 12. Nfd5 Nxd5 13. Nxd5 Rb8 14. Nc3 b6 15.
Nb5 Nd4 16. Nxd4 Bxd4 17. b4 Qc7 18. Qc2 axb4 19. axb4 cxb4 20. Rxb4 b5 21. Rc1
1/2-1/2

[Event "4NCL/Div2/WRO vs. WES1"]
[Site "Wokefield Park ENG"]
[Date "2007.03.04"]
[Round "8.4"]
[White "Upton, Ian J"]
[Black "Adams, David M"]
[Result "1-0"]
[WhiteElo "2270"]
[BlackElo "2232"]
[PlyCount "79"]
[EventDate "2007.03.04"]

1. d4 d5 2. c4 Nc6 3. cxd5 Qxd5 4. e3 e5 5. Nc3 Bb4 6. Bd2 Bxc3 7. bxc3 Qd6 8.
Bd3 Nf6 9. f3 O-O 10. Ne2 Re8 11. O-O Be6 12. Qc1 Rab8 13. Be1 b5 14. Bf2 Bc4
15. Bxc4 bxc4 16. e4 a6 17. Ng3 g6 18. f4 exf4 19. e5 Qf8 20. Qxf4 Nd5 21. Qf3
Nce7 22. Ne4 Qh6 23. Kh1 Rf8 24. Qe2 Nf5 25. g4 Nfe7 26. Bg3 Rb5 27. Rae1 Rfb8
28. Qf3 Rf8 29. Rf2 g5 30. Qe2 Qc6 31. Kg1 h6 32. h4 Ng6 33. hxg5 hxg5 34. Qf3
Nde7 35. Qh1 Kg7 36. Qh5 Rh8 37. Qxg5 Nd5 38. Ref1 Ndf4 39. Rxf4 Qd5 40. Rxf7+
1-0

[Event "4NCL/Div2/WRO vs. WES1"]
[Site "Wokefield Park ENG"]
[Date "2007.03.04"]
[Round "8.5"]
[White "Barrett, Steve J"]
[Black "Simons, Martin J"]
[Result "1/2-1/2"]
[WhiteElo "2215"]
[BlackElo "2223"]
[PlyCount "50"]
[EventDate "2007.03.04"]

1. d4 Nf6 2. Nf3 d6 3. Bg5 Nbd7 4. e3 g6 5. c4 Bg7 6. Nc3 O-O 7. Be2 e5 8. Qc2
c6 9. Rd1 Qc7 10. h3 Re8 11. O-O a6 12. a4 b6 13. Bh4 Bb7 14. Bg3 Re7 15. b4 a5
16. c5 Nd5 17. cxd6 Qxd6 18. b5 Rc8 19. dxe5 Nxe5 20. e4 Nb4 21. Rxd6 Nxc2 22.
Nxe5 Bxe5 23. Bxe5 Rxe5 24. Rd7 Ba8 25. Rfd1 Rc5 1/2-1/2

[Event "4NCL/Div2/WRO vs. WES1"]
[Site "Wokefield Park ENG"]
[Date "2007.03.04"]
[Round "8.6"]
[White "Neil, David R"]
[Black "Cumbers, Paul"]
[Result "1/2-1/2"]
[WhiteElo "2171"]
[BlackElo "2144"]
[PlyCount "115"]
[EventDate "2007.03.04"]

1. c4 c5 2. Nc3 Nf6 3. g3 d5 4. cxd5 Nxd5 5. Bg2 Nc7 6. Nf3 Nc6 7. O-O e5 8. d3
Be7 9. Be3 O-O 10. Nd2 Bd7 11. Nc4 f6 12. a4 Kh8 13. a5 Rb8 14. Qb3 Nd4 15.
Bxd4 cxd4 16. Ne4 Bc6 17. Rfc1 Na6 18. Ned2 Bxg2 19. Kxg2 Qd5+ 20. Kg1 f5 21.
e4 dxe3 22. Nxe3 Qxb3 23. Nxb3 Rbd8 24. Rd1 Nc5 25. Nxc5 Bxc5 26. Rac1 b6 27.
axb6 Bxb6 28. Rc6 f4 29. gxf4 exf4 30. Nc4 Bd4 31. Re1 Bf6 32. Rc7 Rxd3 33.
Rxa7 Rb3 34. Re4 f3 35. Rf4 Rd8 36. Ne3 Rxb2 37. Rxf3 h6 38. Kg2 Bd4 39. Re7
Bf6 40. Ra7 Bd4 41. Re7 Rd6 42. Re4 Bc5 43. Re5 Bb6 44. Re7 Rg6+ 45. Rg3 Kh7
46. Re4 Bc7 47. Rxg6 Kxg6 48. Rg4+ Kf7 49. h3 Ra2 50. Rc4 Be5 51. Re4 Bd6 52.
Rc4 Ra5 53. Rd4 Rg5+ 54. Rg4 Kg6 55. Rxg5+ Kxg5 56. Nf1 Kh4 57. Ng3 Bxg3 58.
fxg3+ 1/2-1/2

[Event "4NCL/Div2/WRO vs. WES1"]
[Site "Wokefield Park ENG"]
[Date "2007.03.04"]
[Round "8.7"]
[White "Mohammad, Mursal"]
[Black "Yeo, Michael J"]
[Result "0-1"]
[WhiteElo "1960"]
[BlackElo "2144"]
[PlyCount "60"]
[EventDate "2007.03.04"]

1. e4 e5 2. Nf3 Nc6 3. Bc4 Nf6 4. d3 Bc5 5. Nc3 d6 6. Bg5 h6 7. Bxf6 Qxf6 8.
Nd5 Qg6 9. Rg1 Bb6 10. h3 Na5 11. Bb3 c6 12. Nc3 Nxb3 13. axb3 Qf6 14. Qe2 Be6
15. O-O-O a5 16. Qd2 Bxh3 17. Nxe5 Qxf2 18. Rgf1 Qxd2+ 19. Kxd2 Bxg2 20. Nxf7
O-O 21. Rg1 Bxg1 22. Rxg1 Rxf7 23. Rxg2 Raf8 24. Ke2 Kh7 25. Nd1 d5 26. Nf2
Rxf2+ 27. Rxf2 Rxf2+ 28. Kxf2 dxe4 29. dxe4 Kg6 30. Kf3 Kf6 0-1